Random Street Name to Country - Statistics

General Stats
  • This quiz has been taken 42 times
  • The average score is 11 of 20
Answer Stats
Hint Answer % Correct
Uluru Road Australia
100%
Chaussée de Waterloo Belgium
100%
Avenue des Champs-Élysées France
100%
Sderot Ben Gurion Israel
100%
Via del Corso Italy
100%
Vermeerstraat Netherlands
100%
Fjøsangerveien Norway
100%
Gangnam-daero South Korea
100%
Rosa Parks Boulevard United States
100%
Wybrzeże Kościuszkowskie Poland
89%
Apollonos Greece
86%
Mahatma Gandhi Marg India
83%
Bol'shaya Morskaya ulitsa Russia
83%
Dvořákovo nábřeží Czech Republic
80%
Bernauer Straße Germany
80%
Đường Nguyễn Huệ Vietnam
80%
Rua da América Brazil
75%
Ulica Hrvatske bratske zajednice Croatia
75%
Hokusai-dōri Japan
75%
Calea Victoriei Romania
75%
Donauturmstraße Austria
67%
Xī'ān mén dàjiē China
67%
Hämeentie Finland
67%
Dózsa György utca Hungary
67%
Avenida Miguel Hidalgo Mexico
67%
Avenue de Carthage Tunisia
67%
Dniprovs'kyi uzviz Ukraine
67%
Jalan Lombok Indonesia
60%
Prospekt Nazarbayeva Kazakhstan
60%
Chingisiin Örgön chölöö Mongolia
60%
Jumeirah Beach Road United Arab Emirates
60%
Þórunnarstræti Iceland
57%
Rruga Skënderbeg Albania
50%
Bulevard Todor Aleksandrov Bulgaria
50%
Calle Chimborazo Ecuador
50%
King Hussein Street Jordan
50%
Persiaran Petronas Malaysia
50%
Taung Nyo Lam Myanmar
50%
Taotaoroa Road New Zealand
50%
Multan Public School Road Pakistan
50%
Bulevar Nikole Tesle Serbia
50%
Nobelgatan Sweden
50%
Tafelberg Street South Africa
43%
Rua Ndunduma Angola
40%
Awolowo Road Nigeria
40%
Viale del Giardino Quadrato Vatican City
40%
Bahnhofquai Switzerland
38%
Hussain Shaheed Sohrawardy Road Bangladesh
33%
Topal Osman-paše Bosnia and Herzegovina
33%
Niaqunngusiariaq Canada
33%
Nadi Back Road Fiji
33%
Kleine Kuppe Street Namibia
33%
Avenida Miguel Grau Peru
33%
Avenue Cheikh Anta Diop Senegal
33%
Bratská Slovakia
33%
Aukštaičių gatvė Lithuania
29%
Bóthar Na mBan Ireland
25%
Bulevardi Bill Klinton Kosovo
25%
Cetinjski Put Montenegro
25%
Calle Manuel Piar Venezuela
25%
Strada Pușkin Moldova
20%
Thanon Ratchadamnoen Thailand
20%
Senghennydd Road United Kingdom
20%
Harambee Avenue Kenya
17%
Mhavithei Kampoucheakraom Cambodia
14%
Valiasr Street Iran
14%
Avenida Corrientes Argentina
0%
Jalan Masjid Omar 'Ali Saifuddien Brunei
0%
Havnevej Denmark
0%
Võra tee Estonia
0%
Pils iela Latvia
0%
Magallanes Street Philippines
0%
Atamyrat Nyýazow şaýoly Turkmenistan
0%
No matching quizzes found
Score Distribution
Percent of People with Each Score
Percentile by Number Answered
Your Score History
You have not taken this quiz